University Home | Library Home | Institutional Repository

Handbook of clinical neurology : (Record no. 216594)

MARC details
000 -LEADER
fixed length control field 00968nam a22002777a 4500
005 - DATE AND TIME OF LATEST TRANSACTION
control field 20260414105916.0
008 - FIXED-LENGTH DATA ELEMENTS--GENERAL INFORMATION
fixed length control field 260414b |||||||| |||| 00| 0 eng d
020 ## - INTERNATIONAL STANDARD BOOK NUMBER
International Standard Book Number 0444812768
040 ## - CATALOGING SOURCE
Original cataloging agency LC
Transcribing agency UNZA
Description conventions RDA
050 ## - LIBRARY OF CONGRESS CALL NUMBER
Classification number RD 594
Item number HAN 1990
245 ## - TITLE STATEMENT
Title Handbook of clinical neurology :
Remainder of title head injury /
Statement of responsibility, etc. editors, Pierre J. Vinken; George W. Bruyn and Harold L. Klawans; This volume has been co-edited by Reinder Braakman.
260 ## - PUBLICATION, DISTRIBUTION, ETC.
Place of publication, distribution, etc. Amsterdam :
Name of publisher, distributor, etc. Elsevier Science Publishers,
Date of publication, distribution, etc. 1990.
300 ## - PHYSICAL DESCRIPTION
Extent xii, 526 pages :
Other physical details illustrations.
336 ## - CONTENT TYPE
CONTENT TYPE Text
337 ## - MEDIA TYPE
MEDIA TYPE Unmediated
338 ## - CARRIER TYPE
CARRIER TYPE Volume
440 ## - SERIES STATEMENT/ADDED ENTRY--TITLE
Number of part/section of a work Revised Series 13
Volume/sequential designation Volume 57
504 ## - BIBLIOGRAPHY, ETC. NOTE
Bibliography, etc. note Includes bibliographical references and index.
650 ## - SUBJECT ADDED ENTRY--TOPICAL TERM
Source of heading or term LC
Topical term or geographic name entry element Brain injuries.
650 ## - SUBJECT ADDED ENTRY--TOPICAL TERM
Source of heading or term LC
Topical term or geographic name entry element Head injuries.
700 ## - ADDED ENTRY--PERSONAL NAME
Personal name Vinken, Pierre J.
Relator term editor
700 ## - ADDED ENTRY--PERSONAL NAME
Personal name Bruyn, George W.
Relator term editor
700 ## - ADDED ENTRY--PERSONAL NAME
Personal name Klawans, Harold L.
Relator term editor
700 ## - ADDED ENTRY--PERSONAL NAME
Personal name Braakman, Reinder
Relator term co-editor
942 ## - ADDED ENTRY ELEMENTS (KOHA)
Koha item type Book
999 ## -
-- 216594
-- 216594
Holdings
Withdrawn status Lost status Source of classification or shelving scheme Damaged status Not for loan Collection code Home library Current library Shelving location Date acquired Total Checkouts Full call number Barcode Date last seen Copy number Cost, replacement price Price effective from Koha item type
    Library of Congress Classification     Non-fiction Medical Library Medical Library On Shelf 04/14/2026   RD 594 HAN 1990 33729000169958 04/14/2026 1 300.00 04/14/2026 Book
© 2026 - The University of Zambia Library - Koha v25.11